Normal view
MARC view
Entry Personal Name
001 - CONTROL NUMBER
- control field: 17143
003 - CONTROL NUMBER IDENTIFIER
- control field: BD-RjUL
005 - DATE AND TIME OF LATEST TRANSACTION
- control field: 20251012114458.0
008 - FIXED-LENGTH DATA ELEMENTS
- fixed length control field: 251012|| aca||aabn | a|a d
040 ## - CATALOGING SOURCE
- Original cataloging agency: BD-RjUL
- Transcribing agency: BD-RjUL
100 ## - HEADING--PERSONAL NAME
- Personal name: دہلوی، محمد سرفراز حسین عزمی ;;; Dehlavi, Muhammad Sarfaraz Hussain Azmi
670 ## - SOURCE DATA FOUND
- Source citation: Work cat.: (BD-RjUL)85835: دہلوی، محمد سرفراز حسین عزمی ;;; Dehlavi, Muhammad Sarfaraz Hussain Azmi, شاہد رعنا ;; Shahid Rana /, 1960